| 000 | 00730nam a2200205Ii 4500 | ||
|---|---|---|---|
| 003 | JO-AjNU | ||
| 008 | 230605s9999||||xx |||||||||||||| ||und|| | ||
| 040 |
_aJO-AjNU _bara _erda _cJO-AjNU |
||
| 041 | _aara | ||
| 050 | 1 | 4 | _aKRM4180.S9758.2010 |
| 100 | 3 |
_a سرور، طارق , _eauthor _932471 |
|
| 245 | 0 | 0 | _aشرح قانون العقوبات : القسم الخاص : جرائم الاعتداء على الأشخاص والأموال |
| 250 | _aط1 | ||
| 264 | 3 | 1 | _aالقاهرة : دار النهضة العربية، 2010 |
| 300 | _a1074ص | ||
| 336 |
_atext _btxt _2rdacontent |
||
| 337 |
_aunmediated _bn _2rdamedia |
||
| 338 |
_avolume _bnc _2rdacarrier |
||
| 650 | 4 |
_aقانون العقوبات -- مصر _932472 |
|
| 999 |
_aA13113 _c16681 _d16681 |
||